Dôvodová správa k zákonu č. 106/1999 Z.z. o hospodárskom a sociálnom partnerstve

Dôvodová správa k zákonu č. 106/1999 Z.z. o hospodárskom a sociálnom partnerstve (zákon o tripartite).

Salvato in:
Dettagli Bibliografici
Natura: Capitolo di libro
Lingua:slovacco
Soggetti:
Tags: Aggiungi Tag
Nessun Tag, puoi essere il primo ad aggiungerne!!

MARC

LEADER 00000naa a2200000 4500
001 r035518
005 20230926081256.7
041 0 |a slo 
044 |a SK 
245 1 0 |a Dôvodová správa k zákonu č. 106/1999 Z.z. o hospodárskom a sociálnom partnerstve 
520 |a Dôvodová správa k zákonu č. 106/1999 Z.z. o hospodárskom a sociálnom partnerstve (zákon o tripartite). 
610 2 0 |a tripartita 
610 2 0 |a partnerstvo sociálne 
610 2 0 |a správy dôvodové 
610 2 0 |a zákony 
610 2 0 |a Slovensko 
610 2 0 |a 1999